Cabinet makers and Furniture Designers / (Record no. 649)
[ view plain ]
| 000 -LEADER | |
|---|---|
| fixed length control field | 00519nam a2200181Ia 4500 |
| 001 - CONTROL NUMBER | |
| control field | 651 |
| 008 - FIXED-LENGTH DATA ELEMENTS--GENERAL INFORMATION | |
| fixed length control field | 171108s1969 ii a g b000 u 465 u |
| 020 ## - INTERNATIONAL STANDARD BOOK NUMBER | |
| International Standard Book Number | 0 600 317137 |
| 082 ## - DEWEY DECIMAL CLASSIFICATION NUMBER | |
| Classification number | 645.4 |
| 100 ## - MAIN ENTRY--PERSONAL NAME | |
| Personal name | Honour, Hugh, |
| Relator term | Author. |
| 245 #0 - TITLE STATEMENT | |
| Title | Cabinet makers and Furniture Designers / |
| Statement of responsibility, etc. | Hugh Honour. |
| Medium | Textual Documents |
| 260 ## - PUBLICATION, DISTRIBUTION, ETC. | |
| Place of publication, distribution, etc. | London : |
| Name of publisher, distributor, etc. | Spring books , |
| Date of publication, distribution, etc. | 1969. |
| 300 ## - PHYSICAL DESCRIPTION | |
| Extent | 320p. : |
| Other physical details | ill ; |
| Dimensions | 28cm. . |
| 653 ## - INDEX TERM--UNCONTROLLED | |
| Uncontrolled term | Furniture Design |
| 653 ## - INDEX TERM--UNCONTROLLED | |
| Uncontrolled term | Design-Furniture |
| 653 ## - INDEX TERM--UNCONTROLLED | |
| Uncontrolled term | Ref Sec-Furniture Design |
| 942 ## - ADDED ENTRY ELEMENTS (KOHA) | |
| Source of classification or shelving scheme | Dewey Decimal Classification |
| Koha item type | Books |
| Withdrawn status | Lost status | Damaged status | Not for loan | Collection | Home library | Current library | Shelving location | Date acquired | Coded location qualifier | Total checkouts | Full call number | Barcode | Date last seen | Copy number | Price effective from | Koha item type |
|---|---|---|---|---|---|---|---|---|---|---|---|---|---|---|---|---|
| Dr. Suryya Kumar Bhuyan Library | Dr. Suryya Kumar Bhuyan Library | 01/02/2012 | 00000 | 645.4 H 759 C | 68417/63 | 13/01/2024 | 1 | 01/02/2012 | Books |
